01320cam a2200289 a 4500001000400000003001000004005001700014008004100031020001800072040002500090080001600115090001700131100002500148245007400173260003800247300002000285504002500305650003500330650003500365942001200400952012100412952012100533952012100654952012100775952012100896999001301017263BR-CuiBMT20231118000652.0230914s2016 mgb 000 0 por d a9788545001454 aBR-CuiBMTcBR-CuiBMT 22007a342.9 a342.9bF992p1 aFurtado, Lucas Rocha10aPrincípios gerais de direito administrativo /cLucas Rocha Furtado. aBelo Horizonte :bFórum,c2016. a146 p. ;c22 cm aInclui bibliografia. aDireito administrativozBrasil aDireito constitucionalzBrasil 2udccLV 00102udc4070aBIBTCEMTbBIBTCEMTd2023-06-28l0o342.9 F992ppBIBTCEMT23090045r2023-09-14tEx. 1w2023-09-14yLV 00102udc4070aBIBTCEMTbBIBTCEMTd2023-11-23l0o342.9 F992ppBIBTCEMT23110943r2023-11-23tEx. 2w2023-11-23yLV 00102udc4070aBIBTCEMTbBIBTCEMTd2023-11-23l0o342.9 F992ppBIBTCEMT23110944r2023-11-23tEx. 3w2023-11-23yLV 00102udc4070aBIBTCEMTbBIBTCEMTd2023-11-23l0o342.9 F992ppBIBTCEMT23110945r2023-11-23tEx. 4w2023-11-23yLV 00102udc4070aBIBTCEMTbBIBTCEMTd2023-11-23l0o342.9 F992ppBIBTCEMT23110946r2023-11-23tEx. 5w2023-11-23yLV c263d263